MARC details
| 000 -CABECERA |
| campo de control de longitud fija |
01852cam a2200313 i 4500 |
| 003 - IDENTIFICADOR DEL NÚMERO DE CONTROL |
| campo de control |
DO-SdBNP |
| 005 - FECHA Y HORA DE LA ÚLTIMA TRANSACCIÓN |
| campo de control |
20260223073259.0 |
| 007 - CAMPO FIJO DE DESCRIPCIÓN FÍSICA--INFORMACIÓN GENERAL |
| campo de control de longitud fija |
ta |
| 008 - DATOS DE LONGITUD FIJA--INFORMACIÓN GENERAL |
| campo de control de longitud fija |
751003s1944 ag 000 f spa d |
| 040 ## - FUENTE DE LA CATALOGACIÓN |
| Centro catalogador/agencia de origen |
DO-SdBNP |
| Lengua de catalogación |
spa |
| Centro/agencia transcriptor |
BNPHU |
| Normas de descripción |
rda |
| 041 ## - CÓDIGO DE LENGUA |
| Código de lengua del texto/banda sonora o título independiente |
spa |
| 082 #4 - NÚMERO DE LA CLASIFICACIÓN DECIMAL DEWEY |
| Número de clasificación |
xxx |
| Número de documento/Ítem |
D724h |
| Número de edición |
22 |
| 100 ## - ENTRADA PRINCIPAL--NOMBRE DE PERSONA |
| Nombre de persona |
Dostoievski, Fiórdor, |
| Fechas asociadas al nombre |
1821-1881 |
| Término indicativo de función/relación |
autor |
| Código de función/relación |
aut. |
| 9 (RLIN) |
84452 |
| 245 14 - MENCIÓN DE TÍTULO |
| Título |
Los hermanos Karamazov : |
| Resto del título |
novela |
| Mención de responsabilidad, etc. |
Fiórdor Dostoievski ; traducción, E. Miro |
| 250 ## - MENCIÓN DE EDICIÓN |
| Mención de edición |
segunda edición |
| 264 #1 - PRODUCCIÓN, PUBLICACIÓN, DISTRIBUCIÓN, FABRICACIÓN Y COPYRIGHT |
| Producción, publicación, distribución, fabricación y copyright |
Buenos Aires, Argentina : |
| Nombre del de productor, editor, distribuidor, fabricante |
Biblioteca Mundial Sopena, |
| Fecha de producción, publicación, distribución, fabricación o copyright |
1944. |
| 300 ## - DESCRIPCIÓN FÍSICA |
| Extensión |
222 páginas ; |
| Dimensiones |
23 cm. |
| 336 ## - TIPO DE CONTENIDO |
| Término de tipo de contenido |
texto |
| Código de tipo de contenido |
txt |
| Fuente |
rdacontent |
| 337 ## - TIPO DE MEDIO |
| Nombre/término del tipo de medio |
sin mediación |
| Código del tipo de medio |
n |
| Fuente |
rdamedia |
| 338 ## - TIPO DE SOPORTE |
| Nombre/término del tipo de soporte |
volumen |
| Código del tipo de soporte |
nc |
| Fuente |
rdacarrier |
| 520 ## - SUMARIO, ETC. |
| Sumario, etc. |
El discurso del gran inquisidor ocupa un lugar central en la arquitectura de la obra y el pensamiento de Fiódor Dostoievski, análogo al que ocupa El rey Lear en el universo de Shekespeare. El propósito y la fuerza poética de este texto son de tan múltiple riqueza y complejidad que puede interpretarse desde tantos puntos de vista diferentes como lectores tenga.<br/>En este memorable capítulo de Los hermanos Karamázov, que puede leerse con una obra filosófica completa en sí misma, Iván y Aliosha dialogan sobre la fe en Dios y la figura de Cristo, la libertad y la esclavitud del hombre, la compasión y la muerte.<br/>La presente edición se enmarca con una introducción de Antonio Lozano, la célebre interpretación de George Steiner en Tolstói o Dostoievski y comentarios al texto de Noam Chomsky y de Aldous Huzley. <br/> |
| 590 ## - NOTA LOCAL (RLIN) |
| Nota local |
Inventariado, 2026/BT |
| 700 1# - PUNTO DE ACCESO ADICIONAL--NOMBRE DE PERSONA |
| Nombre de persona |
Miro, E., |
| Término indicativo de función/relación |
traductor |
| Código de función/relación |
tr. |
| 9 (RLIN) |
84436 |
| 700 1# - PUNTO DE ACCESO ADICIONAL--NOMBRE DE PERSONA |
| Nombre de persona |
Steiner, George, |
| Término indicativo de función/relación |
comentarios |
| 9 (RLIN) |
26088 |
| 700 1# - PUNTO DE ACCESO ADICIONAL--NOMBRE DE PERSONA |
| Nombre de persona |
Huxley, Aldous, |
| Término indicativo de función/relación |
comentarios |
| 9 (RLIN) |
84453 |
| 700 1# - PUNTO DE ACCESO ADICIONAL--NOMBRE DE PERSONA |
| Nombre de persona |
Chomsky, Noam, |
| Término indicativo de función/relación |
comentarios |
| 9 (RLIN) |
44916 |
| 910 ## - DATOS DE OPCIÓN DEL USUARIO (OCLC) |
| Datos de opción del usuario |
Btavárez |
| 942 ## - ELEMENTOS DE PUNTO DE ACCESO ADICIONAL (KOHA) |
| Fuente del sistema de clasificación o colocación |
Dewey Decimal Classification |
| Tipo de ítem Koha |
Libro |